Retos, problemáticas y políticas de la población indígena en México / (Record no. 106961)
[ view plain ]
| 000 -CABECERA | |
|---|---|
| campo de control de longitud fija | 01002nam a2200289 a 4500 |
| 001 - NÚMERO DE CONTROL | |
| campo de control | 000110499 |
| 003 - IDENTIFICADOR DEL NÚMERO DE CONTROL | |
| campo de control | CHAP |
| 005 - FECHA Y HORA DE LA ÚLTIMA TRANSACCIÓN | |
| campo de control | 20220329144136.0 |
| 008 - DATOS DE LONGITUD FIJA--INFORMACIÓN GENERAL | |
| campo de control de longitud fija | 140904s2011 mx |r| ||||||spa d |
| 010 ## - NÚMERO DE CONTROL DE LA BIBLIOTECA DEL CONGRESO | |
| Número de control de LC | 106961 |
| 011 ## - ENLACE DEL NUMERO DE CONTROL DE LA BIBLIOTECA DEL CONGRESO [OBSOLETO] | |
| Número de control de LC | 107933 |
| 020 ## - NÚMERO INTERNACIONAL ESTÁNDAR DEL LIBRO | |
| Número Internacional Estándar del Libro | 9786079567279 |
| 040 ## - FUENTE DE LA CATALOGACIÓN | |
| Centro/agencia transcriptor | CHAP |
| 082 04 - NÚMERO DE LA CLASIFICACIÓN DECIMAL DEWEY | |
| Número de clasificación | 305.800972 |
| Número de documento/Ítem | R43 |
| 245 00 - MENCIÓN DE TÍTULO | |
| Título | Retos, problemáticas y políticas de la población indígena en México / |
| Mención de responsabilidad, etc. | coordinado por Germán Vázquez Sandrini y Angélica E. Reyna Bernal. |
| 260 ## - PUBLICACIÓN, DISTRIBUCIÓN, ETC. | |
| Lugar de publicación, distribución, etc. | México, D. F. : |
| Nombre del editor, distribuidor, etc. | Universidad Autónoma del Estado de Hidalgo |
| -- | Miguel Ángel Porrúa, |
| Fecha de publicación, distribución, etc. | 2011. |
| 300 ## - DESCRIPCIÓN FÍSICA | |
| Extensión | 330 p. |
| 590 ## - NOTA LOCAL (RLIN) | |
| Nota local | E11695DGD |
| Procedencia (VM) [OBSOLETO] | 10 |
| Condición del los carretes individuales (VM) [OBSOLETO] | 20160428 |
| -- | UCH01 |
| -- | 1341 |
| 590 ## - NOTA LOCAL (RLIN) | |
| Nota local | E5765TAJ |
| Procedencia (VM) [OBSOLETO] | 05 |
| Condición del los carretes individuales (VM) [OBSOLETO] | 20140904 |
| -- | UCH01 |
| -- | 1225 |
| 650 14 - PUNTO DE ACCESO ADICIONAL DE MATERIA--TÉRMINO DE MATERIA | |
| Término de materia o nombre geográfico como elemento de entrada | Indios de México |
| Subdivisión general | Condiciones sociales. |
| 9 (RLIN) | 57626 |
| 650 14 - PUNTO DE ACCESO ADICIONAL DE MATERIA--TÉRMINO DE MATERIA | |
| Término de materia o nombre geográfico como elemento de entrada | Indios de México |
| Subdivisión general | Población. |
| 9 (RLIN) | 128286 |
| 700 1# - PUNTO DE ACCESO ADICIONAL--NOMBRE DE PERSONA | |
| Nombre de persona | Reyna Bernal, Angélica E. |
| Término indicativo de función/relación | coord. |
| 9 (RLIN) | 128285 |
| 700 1# - PUNTO DE ACCESO ADICIONAL--NOMBRE DE PERSONA | |
| Nombre de persona | Vázquez Sandrini, Germán |
| Término indicativo de función/relación | coord. |
| 9 (RLIN) | 128284 |
| 901 ## - ELEMENTOS DE DATOS A LOCAL LDA (RLIN) | |
| a | BK |
| 942 ## - ELEMENTOS DE PUNTO DE ACCESO ADICIONAL (KOHA) | |
| Tipo de ítem Koha | Libro |
| 942 ## - ELEMENTOS DE PUNTO DE ACCESO ADICIONAL (KOHA) | |
| Suprimir en OPAC | 0 |
| Estado de retiro | Estado de pérdida | Fuente del sistema de clasificación o colocación | Estado dañado | Restricciones de uso | No para préstamo | Código de colección | Localización permanente | Ubicación/localización actual | Ubicación en estantería | Fecha de adquisición | Información codificada de la localización en otra ubicación | Total de préstamos | Signatura topográfica completa | Código de barras | Fecha visto por última vez | Número de copia | Precio válido a partir de | Tipo de ítem Koha |
|---|---|---|---|---|---|---|---|---|---|---|---|---|---|---|---|---|---|---|
| Dewey Decimal Classification | Préstamo 15 días | General | Biblioteca Central | Biblioteca Central | Planta alta - Colección General | 04/09/2014 | LIBRO | 305.800972 R43 | 33724002421702 | 31/12/2019 | c.2 | 31/12/2019 | Libro | |||||
| Dewey Decimal Classification | Préstamo 15 días | General | Biblioteca Central | Biblioteca Central | Planta alta - Colección General | 04/09/2014 | LIBRO | 305.800972 R43 | 33724002421743 | 31/12/2019 | 31/12/2019 | Libro |
